Sagrario: Una exiliada cubana

Salvato in:
Dettagli Bibliografici
Autore principale: Loría, Vilma
Natura: Libro
Lingua:Undetermined
Pubblicazione: San José, Costa Rica Vilma Loría Cortés 2005
Soggetti:
Tags: Aggiungi Tag
Nessun Tag, puoi essere il primo ad aggiungerne!!

MARC

LEADER 00000nam a2200000Ia 4500
008 170316s9999 xx 000 0 und d
040 |a cru BVZT 
090 |a 868 L-11s 
100 |a Loría, Vilma 
245 |a Sagrario: Una exiliada cubana 
260 |a San José, Costa Rica 
260 |b Vilma Loría Cortés 
260 |c 2005 
300 |a 117 páginas 
650 |a LITERATURA COSTARRICENSE 
650 |a NOVELA 
999 |c 11248  |d 11248 
942 |c 15 D  |h 868 L-11s  |2 z